| Tag |
First Indicator |
Second Indicator |
Subfields |
| LEADER |
00000cam a2200000 a 4500 |
| 001 |
in00000075767 |
| 005 |
20230810113056.0 |
| 008 |
820422s1980 bcca 000 0 eng |
| 010 |
|
|
|a 81116181
|
| 015 |
|
|
|a 800911504
|2 can
|
| 016 |
|
|
|a (AMICUS)000003030500
|
| 019 |
|
|
|a 7438416
|a 15907560
|a 948652420
|a 1019169483
|
| 020 |
|
|
|a 0888390521
|q (pbk.)
|
| 020 |
|
|
|a 9780888390523
|q (pbk.)
|
| 029 |
1 |
|
|a AU@
|b 000001997025
|
| 029 |
1 |
|
|a NLC
|b 000003030500
|
| 035 |
|
|
|a (OCoLC)ocm08430002
|
| 035 |
|
|
|a (OCoLC)8430002
|z (OCoLC)7438416
|z (OCoLC)15907560
|z (OCoLC)948652420
|z (OCoLC)1019169483
|
| 035 |
|
|
|a (OCoLC)ocm08430002
|
| 040 |
|
|
|a DLC
|b eng
|c DLC
|d NLC
|d NLGGC
|d OG#
|d OCLCO
|d OCLCF
|d OCLCQ
|d OCLCO
|d OCLCQ
|d YDXCP
|d OCLCQ
|d OCLCO
|
| 050 |
0 |
|
|a GV1002.9.P75
|b B7
|
| 055 |
|
2 |
|a GV1002.9*
|
| 082 |
0 |
|
|a 796.342/2
|2 19
|
| 084 |
|
|
|a 76.12
|2 bcl
|
| 084 |
|
|
|a cci1icc
|2 lacc
|
| 100 |
1 |
|
|a Brabenec, Josef.
|
| 245 |
1 |
0 |
|a Tennis :
|b the decision-making sport /
|c Josef Brabenec.
|
| 260 |
|
|
|a North Vancouver, B.C. :
|b Hancock House,
|c ©1980.
|
| 300 |
|
|
|a 144 pages :
|b illustrations ;
|c 22 cm
|
| 336 |
|
|
|a text
|b txt
|2 rdacontent
|
| 337 |
|
|
|a unmediated
|b n
|2 rdamedia
|
| 338 |
|
|
|a volume
|b nc
|2 rdacarrier
|
| 650 |
|
0 |
|a Tennis
|x Psychological aspects.
|
| 650 |
|
0 |
|a Tennis.
|
| 650 |
|
2 |
|a Tennis
|
| 650 |
|
6 |
|a Tennis
|x Aspect psychologique.
|
| 650 |
|
6 |
|a Tennis.
|
| 650 |
|
7 |
|a tennis.
|2 aat
|
| 650 |
|
7 |
|a Tennis.
|2 fast
|0 (OCoLC)fst01147615
|
| 650 |
|
7 |
|a Tennis
|x Psychological aspects.
|2 fast
|0 (OCoLC)fst01147629
|
| 650 |
1 |
7 |
|a Tennis.
|2 gtt
|
| 776 |
0 |
8 |
|i Online version:
|a Brabenec, Josef.
|t Tennis.
|d North Vancouver, B.C. : Hancock House, ©1980
|w (OCoLC)761148940
|
| 938 |
|
|
|a YBP Library Services
|b YANK
|n 7772325
|
| 948 |
|
|
|h HELD BY TXA - 60 OTHER HOLDINGS
|
| 994 |
|
|
|a Z0
|b TXA
|
| 999 |
f |
f |
|s 703ff77e-5abd-3cd7-bf30-1d3276ecc2b2
|i 6f776124-0c0f-390e-8438-13ed954197dd
|t 0
|
| 952 |
f |
f |
|p ric
|a Texas A&M University
|b Rellis Campus
|c Joint Library Facility
|s JLF
|d Remote Storage
|t 0
|e GV1002.9.P75 B7
|h Library of Congress classification
|i unmediated -- volume
|m A14806117048
|